| 000 | 00676nam a2200229Ia 4500 | ||
|---|---|---|---|
| 005 | 20240207094816.0 | ||
| 008 | 131103s9999 xx 000 0 und d | ||
| 020 |
_a876924631 _cRs.35 |
||
| 040 | _aLoreto College | ||
| 041 | _aEnglish | ||
| 082 |
_a342.973 _bAGR |
||
| 100 | _aAgresto, John | ||
| 245 | 4 |
_aThe Supreme court and constitutional democracy _cJohn Agresto |
|
| 260 |
_aNew Delhi _bPrentice-Hall of India _c1986 |
||
| 300 | _a182p. | ||
| 504 | _aIncludes bibliographical references and index | ||
| 630 | _aUnited States - Constitutional Law | ||
| 650 | _aCnstitution | ||
| 651 | _aConstitutional and Administrative Law | ||
| 850 | _aLCLIB | ||
| 942 | _cBK | ||
| 999 |
_c10552 _d61031 |
||